000 00519nam a22001937a 4500
003 CEME
005 20210628203415.0
008 210118b xxu||||| |||| 00| 0 eng d
020 _a0-471-68087-7
040 _cceme
082 _a005.8 BAB
100 _aBabiak, Jan, Butters, J, Doll, M.W
_965255
245 _aDefending the digital frontier
250 _a2ND ED
260 _aUSA
_bWILEY
_c2005
300 _aXVII,250P
650 _aCOMPUTER NETWORKS.SECURITY MEASURES.DATA PROTECTION
_965256
942 _cBK
_2ddc
999 _c573525
_d573525